Mitsubishi Models - Statistics

General Stats
  • This quiz has been taken 76 times
  • The average score is 9 of 20
Answer Stats
Picture Answer % Correct
Lancer
93%
Pajero
80%
Eclipse
70%
Lancer Evolution (X)
67%
Outlander
59%
3000GT/GTO
57%
Space Star/Mirage
54%
L200/Triton
52%
Galant
50%
Eclipse Cross
46%
Colt
39%
Starion
35%
FTO
33%
Pajero Sport
33%
Carisma
24%
Delica
24%
i-MiEV
24%
Mirage G4/Attrage
22%
Minicab
19%
Pajero Pinin
15%
No matching quizzes found
Score Distribution
Percent of People with Each Score
Percentile by Number Answered
Your Score History
You have not taken this quiz